000 00355nam a2200133Ia 4500
005 20260328104253.0
008 260328s9999||||xx |||||||||||||| ||und||
100 _aWeinstein, Dave
245 0 _aSignature Architects of the San Francisco Bay Area /
_cDave Weinstein
260 _bGibbs Smith
300 _a144 p.
650 _aESTADOS UNIDOS
942 _cBK
999 _c10306
_d10306